000 00502cam a2200205ua 4500
020 _a81-7097-001-6
_c95.00
041 _aeng
_h
082 _a627.52
_bRAD/IR
100 _aRadhelal, .
245 _aIrrigation hydraulics /
_cRadhelal.
_hTextual Documents
250 _a1 /
_b.
260 _aAllahabad :
_bAjiwan shiksha sansthar ,
_c1993.
300 _a456 ; .
365 _a95.00
504 _a
942 _cBK
999 _c2268
_d2268